Fr. Conceicao Rodrigues College of Engineering

Operation research principles and practice (Record no. 19117)

MARC details
000 -LEADER
fixed length control field 00333nam a2200145Ia 4500
082 ## - DEWEY DECIMAL CLASSIFICATION NUMBER
Classification number 658.4034
Item number RAV
100 ## - MAIN ENTRY--PERSONAL NAME
Personal name Philips/ Ravindran/A
250 ## - EDITION STATEMENT
Edition statement 2
245 ## - TITLE STATEMENT
Title Operation research principles and practice
260 ## - PUBLICATION, DISTRIBUTION, ETC.
Name of publisher, distributor, etc. WILEY EASTERN LIMITED
Date of publication, distribution, etc. 2000
300 ## - PHYSICAL DESCRIPTION
Extent 637
546 ## - LANGUAGE NOTE
Language note ENGLISH
654 ## - SUBJECT ADDED ENTRY--FACETED TOPICAL TERMS
Focus term Operation
942 ## - ADDED ENTRY ELEMENTS (KOHA)
Koha item type Reference Book
Holdings
Withdrawn status Lost status Damaged status Not for loan Collection Home library Current library Date acquired Total Checkouts Full call number Barcode Date last seen Price effective from Koha item type
        CRC Fr. Agnel's C.Rodrigues College of Engineering Fr. Agnel's C.Rodrigues College of Engineering 17/03/2023   658.4034 RAV 11612 17/03/2023 17/03/2023 Reference Book
        CRC Fr. Agnel's C.Rodrigues College of Engineering Fr. Agnel's C.Rodrigues College of Engineering 17/03/2023   658.4034 RAV 11613 17/03/2023 17/03/2023 BOOK
        CRC Fr. Agnel's C.Rodrigues College of Engineering Fr. Agnel's C.Rodrigues College of Engineering 17/03/2023   658.4034 RAV 11614 17/03/2023 17/03/2023 BOOK